| 000 | 01401nam a2200301 i 4500 | ||
|---|---|---|---|
| 003 | DO-SdBNP | ||
| 005 | 20250311111033.0 | ||
| 007 | ta | ||
| 008 | 110413s1994 dr 000 0 spa d | ||
| 040 |
_aDO-SdBNP _bspa _cBNPHU _erda |
||
| 082 |
_a306.097293 _bS471p _222 |
||
| 110 |
_aSeminario Etica de la Economía, Política y Democracia (6-10 dic., 1993 : Santo Domingo) _983961 |
||
| 245 | 1 | 0 | _aPonencias |
| 264 |
_aSanto Domingo : _bUniversidad Católica de Santo Domingo, _c2006 |
||
| 300 |
_a120 páginas _c21 cm. |
||
| 336 |
_2rdacontent _atexto _btxt |
||
| 337 |
_2rdamedia _asin mediación _bn |
||
| 338 |
_2rdacarrier _avolumen _bnc |
||
| 490 | 1 | _aConferencia Magistral ; | |
| 505 | _aConferencia 1era. Visión y perspectivas del mundo de América Latina y el Hombre/Guilermo León Escobar 7|Conferencia 2da. Formación de la conciencia/Guillermos León Escobar 31|Intervención del Rvdo. Padre Karl Oerder 53|Conferencia 3ra. Perspectivas éticas de la política/Guilermos Léon Escobar 57|Conferencia 4ta. Estado social de derecho/Jaime Calderón Bruges 77|Conferencia 5ta. Perspectivas éticas de la economía social de mercado/Miguel Angel Afanador 93 | ||
| 590 | _aInventariado, 2023/DG | ||
| 650 | 0 |
_aDemocracia _9286 |
|
| 650 | 0 |
_aÉtica _9509 |
|
| 650 | 0 |
_aPolítica _944697 |
|
| 710 |
_aSistema Único de Beneficiarios (SUBEN) _983953 |
||
| 910 | _aDG | ||
| 942 |
_2ddc _cLBS1 |
||
| 999 |
_c54421 _d54421 |
||